Fluid mechanics
Сохранить в:
| Главный автор: | |
|---|---|
| Формат: | |
| Язык: | английский |
| Опубликовано: |
San Diego
Academic Press
1990
|
| Предметы: | |
| Метки: |
Добавить метку
Нет меток, Требуется 1-ая метка записи!
|
MARC
| LEADER | 00000nam a2200000 a 4500 | ||
|---|---|---|---|
| 001 | UCZ4386 | ||
| 003 | CL-VaPUC | ||
| 008 | 951109e19900000US |||||||||||||||||eng|d | ||
| 082 | 0 | 4 | |a 532 |b KUN |2 21 |
| 100 | 0 | |a Kundu, Pijush K |e author |9 348402 | |
| 245 | 1 | 0 | |a Fluid mechanics |
| 300 | |a 638 p | ||
| 942 | |c BK | ||
| 945 | |d 19951109 00:00:00 |a rbrito | ||
| 260 | |a San Diego |b Academic Press |c 1990 | ||
| 650 | 0 | |a Mecánica de fluidos |9 259464 | |
| 650 | 7 | |a FISICA DE FLUIDOS |2 CL-VaPUC |9 348403 | |
| 650 | 7 | |a ENERGIA DE FLUIDOS |2 CL-VaPUC |9 348404 | |
| 650 | 0 | |a Hidromecánica |9 348405 | |
| 650 | 7 | |a TENSOR CARTESIANO |2 CL-VaPUC |9 348406 | |
| 650 | 0 | |a Aerodinámica |9 301987 | |
| 650 | 7 | |a TURBULENCIA |2 CL-VaPUC |9 331387 | |
| 650 | 7 | |a INESTABILIDAD |2 CL-VaPUC |9 348408 | |
| 583 | |a last modification |c 19951109 00:00:00 |k Rodrigo Vera | ||
| 999 | |c 240785 |d 240783 | ||
| 952 | |0 0 |1 0 |4 0 |6 532_000000000000000_KUN_1990 |7 0 |8 CCM |9 252815 |a BIBCUR |b BIBCUR |d 2019-11-18 |i 3147754 |l 4 |m 2 |o 532 KUN 1990 |p 3147754 |q 2025-05-12 |r 2025-04-28 |s 2025-04-28 |w 2019-11-18 |y BK |k CIM | ||